<?xml version="1.0" encoding="UTF-8"?>
<record
    xmlns:xsi="http://www.w3.org/2001/XMLSchema-instance"
    xsi:schemaLocation="http://www.loc.gov/MARC21/slim http://www.loc.gov/standards/marcxml/schema/MARC21slim.xsd"
    xmlns="http://www.loc.gov/MARC21/slim">

  <leader>00764nam a22002297a 4500</leader>
  <controlfield tag="003">OSt</controlfield>
  <controlfield tag="005">20150408114135.0</controlfield>
  <controlfield tag="008">130629s    2014xxu||||f |||| 00| 0 eng d</controlfield>
  <datafield tag="020" ind1=" " ind2=" ">
    <subfield code="a">9780273786979</subfield>
  </datafield>
  <datafield tag="040" ind1=" " ind2=" ">
    <subfield code="a">Mau</subfield>
  </datafield>
  <datafield tag="082" ind1=" " ind2=" ">
    <subfield code="a">658.049</subfield>
    <subfield code="b">WJI</subfield>
  </datafield>
  <datafield tag="100" ind1=" " ind2=" ">
    <subfield code="a">Wild, John J.</subfield>
    <subfield code="9">36257</subfield>
  </datafield>
  <datafield tag="245" ind1=" " ind2=" ">
    <subfield code="a">International business : </subfield>
    <subfield code="b">the challenges of globalization /</subfield>
    <subfield code="c"> John J. Wild, Kenneth L. Wild, Jerry C.Y. Han</subfield>
  </datafield>
  <datafield tag="250" ind1=" " ind2=" ">
    <subfield code="b">7th ed.</subfield>
  </datafield>
  <datafield tag="260" ind1=" " ind2=" ">
    <subfield code="a">Upper Saddle River, NJ. : </subfield>
    <subfield code="b"> Prentice Hall,</subfield>
    <subfield code="c">2014</subfield>
  </datafield>
  <datafield tag="300" ind1=" " ind2=" ">
    <subfield code="a">xxii, 506 p. : </subfield>
    <subfield code="b">ill., maps ;</subfield>
    <subfield code="c">28 cm</subfield>
  </datafield>
  <datafield tag="504" ind1=" " ind2=" ">
    <subfield code="a">Includes bibliographical references</subfield>
  </datafield>
  <datafield tag="650" ind1=" " ind2=" ">
    <subfield code="a">International business enterprises .</subfield>
    <subfield code="x">Management</subfield>
    <subfield code="9">4644</subfield>
  </datafield>
  <datafield tag="650" ind1=" " ind2=" ">
    <subfield code="a">International trade.</subfield>
  </datafield>
  <datafield tag="700" ind1=" " ind2=" ">
    <subfield code="a">Wild, Kenneth L.</subfield>
    <subfield code="9">36258</subfield>
  </datafield>
  <datafield tag="942" ind1=" " ind2=" ">
    <subfield code="2">ddc</subfield>
    <subfield code="c">BOOK</subfield>
  </datafield>
  <datafield tag="999" ind1=" " ind2=" ">
    <subfield code="c">30200</subfield>
    <subfield code="d">264700</subfield>
  </datafield>
  <datafield tag="952" ind1=" " ind2=" ">
    <subfield code="1">0</subfield>
    <subfield code="2">2013-06-29</subfield>
    <subfield code="4">0</subfield>
    <subfield code="7">1</subfield>
    <subfield code="a">658.049 WJI</subfield>
    <subfield code="c">1</subfield>
    <subfield code="d">2013-06-29</subfield>
    <subfield code="h">CL</subfield>
    <subfield code="i">00307289</subfield>
    <subfield code="m">CL</subfield>
    <subfield code="r">2013-06-29 00:00:00</subfield>
    <subfield code="t">BOOK</subfield>
    <subfield code="w">ddc</subfield>
    <subfield code="y">0</subfield>
  </datafield>
  <datafield tag="952" ind1=" " ind2=" ">
    <subfield code="1">0</subfield>
    <subfield code="2">2013-06-29</subfield>
    <subfield code="4">0</subfield>
    <subfield code="7">0</subfield>
    <subfield code="a">658.049 WJI</subfield>
    <subfield code="c">2</subfield>
    <subfield code="d">2013-06-29</subfield>
    <subfield code="h">CL</subfield>
    <subfield code="i">00307290</subfield>
    <subfield code="m">CL</subfield>
    <subfield code="r">2013-06-29 00:00:00</subfield>
    <subfield code="t">BOOK</subfield>
    <subfield code="w">ddc</subfield>
    <subfield code="y">0</subfield>
  </datafield>
  <datafield tag="952" ind1=" " ind2=" ">
    <subfield code="1">0</subfield>
    <subfield code="2">2013-06-29</subfield>
    <subfield code="4">0</subfield>
    <subfield code="7">0</subfield>
    <subfield code="a">658.049 WJI</subfield>
    <subfield code="c">3</subfield>
    <subfield code="d">2013-06-29</subfield>
    <subfield code="h">CL</subfield>
    <subfield code="i">00307291</subfield>
    <subfield code="m">CL</subfield>
    <subfield code="r">2013-06-29 00:00:00</subfield>
    <subfield code="t">BOOK</subfield>
    <subfield code="w">ddc</subfield>
    <subfield code="y">0</subfield>
  </datafield>
  <datafield tag="952" ind1=" " ind2=" ">
    <subfield code="1">0</subfield>
    <subfield code="2">2013-06-29</subfield>
    <subfield code="4">0</subfield>
    <subfield code="7">1</subfield>
    <subfield code="a">658.049 WJI</subfield>
    <subfield code="c">1</subfield>
    <subfield code="d">2013-06-29</subfield>
    <subfield code="h">SRF</subfield>
    <subfield code="i">00307292</subfield>
    <subfield code="m">SRF</subfield>
    <subfield code="r">2013-06-29 00:00:00</subfield>
    <subfield code="t">BOOK</subfield>
    <subfield code="w">ddc</subfield>
    <subfield code="y">0</subfield>
  </datafield>
  <datafield tag="952" ind1=" " ind2=" ">
    <subfield code="1">0</subfield>
    <subfield code="2">2013-06-29</subfield>
    <subfield code="4">0</subfield>
    <subfield code="7">0</subfield>
    <subfield code="a">658.049 WJI</subfield>
    <subfield code="c">2</subfield>
    <subfield code="d">2013-06-29</subfield>
    <subfield code="h">SRF</subfield>
    <subfield code="i">00307293</subfield>
    <subfield code="m">SRF</subfield>
    <subfield code="r">2013-06-29 00:00:00</subfield>
    <subfield code="t">BOOK</subfield>
    <subfield code="w">ddc</subfield>
    <subfield code="y">0</subfield>
  </datafield>
  <datafield tag="952" ind1=" " ind2=" ">
    <subfield code="1">0</subfield>
    <subfield code="2">2013-06-29</subfield>
    <subfield code="4">0</subfield>
    <subfield code="7">0</subfield>
    <subfield code="a">658.049 WJI</subfield>
    <subfield code="c">3</subfield>
    <subfield code="d">2013-06-29</subfield>
    <subfield code="h">SRF</subfield>
    <subfield code="i">00307294</subfield>
    <subfield code="m">SRF</subfield>
    <subfield code="r">2013-06-29 00:00:00</subfield>
    <subfield code="t">BOOK</subfield>
    <subfield code="w">ddc</subfield>
    <subfield code="y">0</subfield>
  </datafield>
  <datafield tag="952" ind1=" " ind2=" ">
    <subfield code="1">0</subfield>
    <subfield code="2">2013-06-29</subfield>
    <subfield code="4">0</subfield>
    <subfield code="7">1</subfield>
    <subfield code="a">658.049 WJI</subfield>
    <subfield code="c">1</subfield>
    <subfield code="d">2013-06-29</subfield>
    <subfield code="h">SRM</subfield>
    <subfield code="i">00307295</subfield>
    <subfield code="m">SRM</subfield>
    <subfield code="r">2013-06-29 00:00:00</subfield>
    <subfield code="t">BOOK</subfield>
    <subfield code="w">ddc</subfield>
    <subfield code="y">0</subfield>
  </datafield>
  <datafield tag="952" ind1=" " ind2=" ">
    <subfield code="1">0</subfield>
    <subfield code="2">2013-06-29</subfield>
    <subfield code="4">0</subfield>
    <subfield code="7">0</subfield>
    <subfield code="a">658.049 WJI</subfield>
    <subfield code="c">2</subfield>
    <subfield code="d">2013-06-29</subfield>
    <subfield code="h">SRM</subfield>
    <subfield code="i">00307296</subfield>
    <subfield code="m">SRM</subfield>
    <subfield code="r">2013-06-29 00:00:00</subfield>
    <subfield code="t">BOOK</subfield>
    <subfield code="w">ddc</subfield>
    <subfield code="y">0</subfield>
  </datafield>
  <datafield tag="952" ind1=" " ind2=" ">
    <subfield code="1">0</subfield>
    <subfield code="2">2013-06-29</subfield>
    <subfield code="4">0</subfield>
    <subfield code="7">0</subfield>
    <subfield code="a">658.049 WJI</subfield>
    <subfield code="c">3</subfield>
    <subfield code="d">2013-06-29</subfield>
    <subfield code="h">SRM</subfield>
    <subfield code="i">00307297</subfield>
    <subfield code="m">SRM</subfield>
    <subfield code="r">2013-06-29 00:00:00</subfield>
    <subfield code="t">BOOK</subfield>
    <subfield code="w">ddc</subfield>
    <subfield code="y">0</subfield>
  </datafield>
</record>
